LEADER 01858nam a2200277 i 4500 001 000000248506 003 CaOOAMICUS 005 20160330000000.0 008 160330s1743 xx u000 u lat u 013 $a227411 026 $at.lo est. r.e- exIn (3) 1743 (R) 040 $aSeMil$bita 245 10$aInstructiones, ritus, et decreta ad funera ducenda, aliaque officia mortuis praestanda, quae in provincialibus, & Diocesanis Synodis hactenus sancita sunt. 250 $aHuic novissime impressioni plura accesserunt ex decr. Congreg. habit. die 5 julii 1735. 260 $aMediolani :$bApud Beniamin de Sirturis, Impressorem Archiepiscopalem,$c1743. 300 $a124, XV, [1] p. :$bmus. ;$c4°. 500 $aIniz., fregi xilogr. - Front. e testo stampati in rosso e nero. - Musica saltuaria in notazione quadrata nera su tetragramma rosso. - Emblema xilogr. dell'arcivescovado di Milano (trittico con S. Ambrogio tra i santo Gervaso e Protaso. Tales ambio defensor) sul front. - Segn.: A-P4 Q2 a-b4. - A c. a1r inizia con propria intitolazione: Decreta Synodi dioecesanae vigesimae secundae ad funeara spectantia. 650 4$aLibri liturgici - Rituali - Esequie - Rito ambrosiano.$0(OLS)http://semarc/subject/16318 700 1 $aSirtori, Beniamino,$c.$0(OLS)http://semarc/name/15190 710 2 $aChiesa Cattolica.$0(OLS)http://semarc/name/987 850 $aSeMil 852 $aSeMil$W1$xVenegono$y1$m3K III 75 FA$j198852$B198852$CSeMilBibl$Z2$F210162 $8I 910 2 $aSanta Sede. 996 $6245$aInstructiones, ritus, et decreta ad funera ducenda, aliaque officia mortuis praestanda, quae in provincialibus, & Diocesanis Synodis hactenus sancita sunt$9(OLS)http://semarc/title/412147 996 $6260$aMediolani :$bApud Beniamin de Sirturis, Impressorem Archiepiscopalem$9(OLS)http://semarc/publisher/41333 LEADER 01683nam a2200337 i 4500 001 000000088482 003 CaOOAMICUS 005 20260326092736.0 008 030801s1972 fr u000 u fre u 013 $a60722 040 $aSeMil$bita 100 0 $aHesychius : Hierosolymitanus.$0(OLS)http://semarc/name/40185 245 10$aHomélies pascales :$bcinq homélies inédites /$cHésychius de Jérusalem, Basile de Séleucie, Jean de Béryte, Pseudo-Chrysostome, Léonce de Constantinople ; introduction, texte critique, traduction, commentaire et index de Michel Aubineau. 260 $aParis :$bLes Éditions du Cerf,$c1972. 300 $a543 p., [6] carte di tav., [2] carte di tav. :$bfacs., c. geogr. ;$c20 cm 490 0 $aSources Chrétiennes ;$v187 700 1 $aAubineau, Michel.$0(OLS)http://semarc/name/5471 700 0 $aPseudo-Chrysostomus.$0(OLS)http://semarc/name/44267 700 1 $aLeontius .$0(OLS)http://semarc/name/44320 700 0 $aBasilius : Seleuciensis,$d.$0(OLS)http://semarc/name/40905 700 0 $aIoannes,$c.$0(OLS)http://semarc/name/124024 830 0$aSources chrétiennes ;$v187.$0(OLS)http://semarc/title/72 850 $aSeMil 852 $aSeMil$W1$xVenegono$y1$mSL1.T IV 187$j51738$B51738$CSeMilBibl$Z2$F56081 $8I 900 0 $aEsichio : di Gerusalemme. 941 1 $a3 961 $aLascito: Colombo Card. Giovanni 996 $6245$aHomélies pascales :$bcinq homélies inédites$9(OLS)http://semarc/title/134379 996 $6260$aParis :$bLes Éditions du Cerf$9(OLS)http://semarc/publisher/29611